header

Gender space architecture (Record no. 63575)

MARC details
000 -LEADER
fixed length control field 01461nam a2200385Ia 4500
082 04 - DEWEY DECIMAL CLASSIFICATION NUMBER
Classification number 720/.82
245 00 - TITLE STATEMENT
Title Gender space architecture
260 ## - PUBLICATION, DISTRIBUTION, ETC. (IMPRINT)
Place of publication London ;
-- New York :
Name of publisher Routledge,
Year of publication 2000.
300 ## - PHYSICAL DESCRIPTION
Number of Pages xvi, 432 p. :
Other physical details ill.
490 1# - SERIES STATEMENT
Series statement Architext series
650 #0 - SUBJECT ADDED ENTRY--TOPICAL TERM
Topical Term Architecture and women.
Topical Term Feminism and architecture.
Topical Term Space (Architecture)
700 1# - ADDED ENTRY--PERSONAL NAME
Personal name Rendell, Jane,
Personal name Penner, Barbara,
Personal name Borden, Iain.
856 40 - ELECTRONIC LOCATION AND ACCESS
Uniform Resource Identifier http://site.ebrary.com/lib/rucke/Doc?id=10054732

No items available.

© 2026 Rongo University
Contact us: librarian | system librarian | Rongo university